000 00564nam a2200193Ia 4500
005 20250508165637.0
008 008 250505s9999 xx 000 0 eng d
037 _aTextual
040 _aFEDL
_beng
_cFEDL
041 _aeng
_2eng
084 _a501.20, APP
_qFEDL
100 _aAppleyard brayan
_9781474
245 0 _aUnderstanding the present : Science and the soul of modern man
260 _aLondon, UK
_bPICADOR, Pan Book Ltd.
_c1993
300 _axix , 283
365 _aGBP
_b3
942 _cTEXL
_h501.20, APP
999 _c1396444
_d1396444